[Event "Fast Game"]
[Site "www.echecsemail.com"]
[Date "2018.03.17"]
[Round "1"]
[White "Hennie4820"]
[Black "Cal"]
[WhiteElo "1700"]
[BlackElo "1710"]
[Result "1-0"]
[Round "1"]
1.e4 e5
2.Ng1f3 d6
3.Bf1c4 h6
4.d4 exd4
5.c3 Ng8f6
6.O-O c6
7.cxd4 b5
8.Bc4d3 Bc8g4
9.h3 Bg4h5
10.Bc1e3 Bf8e7
11.a3 Nb8d7
12.Nb1c3 a6
13.Bd3e2 O-O
14.e5  { time }
1-0

[Event "Tourn. n9626"]
[Site "www.chess-mail.com"]
[Date "2018.03.18"]
[Round "1"]
[White "Libiesse"]
[Black "Sahlapalat"]
[WhiteElo "1840"]
[BlackElo "1869"]
[Result "1/2-1/2"]
[Round "1"]
1.d4 Ng8f6
2.c4 g6
3.Nb1c3 d5
4.cxd5 Nf6xd5
5.e4 Nd5xc3
6.bxc3 Bf8g7
7.Bc1e3 c5
8.Ra1c1 Qd8a5
9.Qd1b3 cxd4
10.Qb3b5 Qa5xb5
11.Bf1xb5 Bc8d7
12.Bb5xd7 Nb8xd7
13.cxd4 Nd7f6
14.f3 Kd7
15.Kd2 Rh8c8
16.Ng1e2 e6
17.Rc1c3 Rc8xc3
18.Ne2xc3 Ra8c8
19.Rh1c1 Bg7f8
20.Kd3 a6
21.Be3g5 Nf6e8
22.Rc1b1 b5
23.Rb1c1 Ne8d6
24.h3 Nd6c4
25.Rc1c2 Nc4a3
26.Rc2c1 Bf8d6
27.Nc3e2 Rc8xc1
28.Ne2xc1 Na3c4
29.Kc3 { draw }
1/2-1/2

[Event "Tourn. n9711"]
[Site "www.chess-mail.com"]
[Date "2018.03.18"]
[Round "1"]
[White "Greghghs"]
[Black "Aniruddhadg"]
[WhiteElo "2630"]
[BlackElo "2420"]
[Result "0-1"]
[Round "1"]
1.d4 f5
2.e4 fxe4
3.Nb1c3 Ng8f6
4.Bc1g5 Nb8c6
5.d5 Nc6e5
6.Qd1e2 c6
7.O-O-O Nf6xd5
8.Nc3xd5 Ne5f7
9.h4 cxd5
10.Rd1xd5 b6
11.Rd5d4 Bc8b7
12.f3 Nf7xg5
13.hxg5 e6
14.fxe4 Bf8c5
15.Rd4d1 Bc5xg1
16.Rh1xg1 Qd8xg5
17.Kb1 Ra8d8
18.Rg1h1 O-O
19.Qe2e1 Rf8f4
20.Bf1d3 Rf4g4
21.Qe1b4 Rg4xg2
22.Rd1f1 h6
23.Qb4d4 Qg5c5
24.Qd4a4 a5
{ resign }
0-1

[Event "Tourn. n9717"]
[Site "www.chess-mail.com"]
[Date "2018.03.18"]
[Round "1"]
[White "Esperanza"]
[Black "Fantomas"]
[WhiteElo "2020"]
[BlackElo "2270"]
[Result "1-0"]
[Round "1"]
1.d4 Ng8f6
2.c4 e6
3.Nb1c3 d5
4.cxd5 exd5
5.Bc1g5 Bf8e7
6.e3 h6
7.Bg5f4 c6
8.Bf1d3 Bc8e6
9.Ng1f3 O-O
10.h3 Be7d6
11.Bf4xd6 Qd8xd6
12.Nf3e5 Nb8d7
13.f4 a6
14.f5 Nd7xe5
15.dxe5 Qd6xe5
16.fxe6 Qe5g3
17.Kf1 fxe6
18.Kg1 Nf6d7
19.Qd1e1 Qg3g5
20.Kh2 Nd7e5
21.Ra1d1 Qg5h5
22.Qe1g3 Rf8f6
23.Bd3e2 Qh5g5
24.Qg3xg5 hxg5
25.Rh1f1 Rf6h6
26.e4 g4
27.exd5 exd5
28.a4 Ra8d8
29.a5 d4
30.Nc3a4 gxh3
31.gxh3 d3
32.Be2f3 Rd8d4
33.Na4c5 Rd4h4
34.Bf3g2 Ne5g4
35.Kg3 Ng4e3
36.Rd1xd3 Ne3xf1
37.Bg2xf1 Rh4b4
38.b3 Rh6h5
39.Rd3d8 Kf7
40.Rd8d7 Kf6
41.Rd7xb7 { resign }
1-0

[Event "Tourn. n9760"]
[Site "www.chess-mail.com"]
[Date "2018.03.18"]
[Round "1"]
[White "Esperanza"]
[Black "Reda"]
[WhiteElo "2040"]
[BlackElo "1969"]
[Result "1-0"]
[Round "1"]
1.d4 d5
2.c4 Ng8f6
3.cxd5 Qd8xd5
4.Nb1c3 Qd5d8
5.e4 e6
6.Ng1f3 Bf8b4
7.e5 Nf6d7
8.Bf1d3 O-O
9.Bd3xh7 Kxh7
10.Nf3g5 Kg8
11.Qd1h5 Rf8e8
12.Qh5xf7 Kh8
13.Qf7h5 Kg8
14.Qh5h7 Kf8
15.Qh7h8 { resign }
1-0

[Event "Tourn. n9659"]
[Site "www.chess-mail.com"]
[Date "2018.03.18"]
[Round "1"]
[White "Andychesston"]
[Black "Fabos12"]
[WhiteElo "1990"]
[BlackElo "1990"]
[Result "1-0"]
[Round "1"]
1.e4 e6
2.Ng1f3 d5
3.exd5 exd5
4.d4 Bf8d6
5.g3 Bc8g4
6.Bf1g2 Ng8e7
7.h3 Bg4h5
8.g4 Bh5g6
9.Nb1c3 c6
10.Bc1d2 Nb8d7
11.h4 h6
12.h5 Bg6h7
13.g5 Qd8c7
14.Nf3h4 O-O-O
15.Qd1f3 Rd8e8
16.O-O-O f5
17.g6 Bh7g8
18.Nh4xf5 Ne7xf5
19.Qf3xf5 Bg8e6
20.Qf5f3 Rh8f8
21.Qf3e2 Be6f5
22.Bd2e3 Nd7b6
23.Bg2h3 Nb6c4
24.Bh3xf5 Rf8xf5
25.Qe2g4 Qc7d7
26.Rh1h3 Bd6b4
27.Rd1d3 Nc4xe3
28.Rh3xe3 Re8xe3
29.Rd3xe3 Kc7
30.Nc3a4 b5
31.Na4c5 Bb4xc5
32.dxc5 Kd8
33.Qg4h4 Rf5f6
34.b4 d4
35.Re3d3 Qd7d5
36.Rd3xd4 { resign }
1-0

[Event "Tourn. n9710"]
[Site "www.chess-mail.com"]
[Date "2018.03.18"]
[Round "1"]
[White "Begory"]
[Black "Jjmcbride"]
[WhiteElo "1630"]
[BlackElo "1660"]
[Result "0-1"]
[Round "1"]
1.d4 d5
2.c4 e6
3.Nb1c3 c6
4.cxd5 exd5
5.Bc1f4 Nb8d7
6.e3 b5
7.Ng1f3 f6
8.Bf1d3 g5
9.Bf4g3 h5
10.h3 Rh8h6
11.O-O Nd7b6
12.Rf1e1 Bf8d6
13.e4 dxe4
14.Bd3xe4 Ng8e7
15.Be4xc6 Kf8
16.Bc6xa8 Nb6xa8
17.Bg3xd6 Qd8xd6
18.a3 g4
 { time }
0-1

[Event "Tourn. n9734"]
[Site "www.chess-mail.com"]
[Date "2018.03.18"]
[Round "1"]
[White "Esperanza"]
[Black "Attatroll"]
[WhiteElo "2040"]
[BlackElo "2000"]
[Result "1-0"]
[Round "1"]
1.d4 e5
2.dxe5 Nb8c6
3.Ng1f3 Qd8e7
4.e3 Nc6xe5
5.Bf1e2 Ng8f6
6.O-O d5
7.Nb1c3 Bc8d7
8.Nc3xd5 Nf6xd5
9.Qd1xd5 Ne5xf3
10.Be2xf3 Bd7c6
11.Qd5f5 Bc6xf3
12.Qf5xf3 c6
13.Bc1d2 O-O-O
14.Bd2c3 Qe7c5
15.Qf3xf7 Bf8d6
16.Bc3d4 Qc5h5
17.Qf7xh5 g6
18.Qh5g4 { resign }
1-0

[Event "Match"]
[Site "www.echecsemail.com"]
[Date "2018.03.18"]
[Round "1"]
[White "Darknight"]
[Black "Llord"]
[WhiteElo "1730"]
[BlackElo "1980"]
[Result "1-0"]
[Round "1"]
1.e4 e5
2.Bf1c4 Ng8f6
3.d3 Bf8c5
4.h3 O-O
5.Bc1g5 Bc5e7
6.Ng1f3 Nb8c6
7.c3 d6
8.a3 h6
9.Bg5xf6 Be7xf6
10.g3 Bc8e6
11.g4 Bf6g5
12.h4 Bg5f4
13.Nb1d2 a6
14.Qd1e2 b5
15.Bc4b3 Nc6a5
16.Bb3c2 Be6xg4
17.O-O-O Bf4xd2
18.Kxd2 c5
19.Rd1g1 Bg4h5
20.Rg1g3 c4
21.Qe2e3 cxd3
22.Bc2xd3 Ra8c8
23.Qe3xh6 Qd8f6
24.Qh6xh5 Rf8d8
25.Rh1h2 g6
26.Rh2g2 Kg7
27.Rg3g5 Rd8h8
28.Qh5g4 Na5b3
29.Kc2 Nb3c5
30.h5 Rh8h6
31.Nf3h4 Nc5e6
32.Nh4f5 { resign }
1-0

[Event "Match"]
[Site "www.echecsemail.com"]
[Date "2018.03.18"]
[Round "1"]
[White "Apdash"]
[Black "Chapi"]
[WhiteElo "2210"]
[BlackElo "2090"]
[Result "1-0"]
[Round "1"]
1.d4 d5
2.Ng1f3 c5
3.c4 cxd4
4.Nf3xd4 dxc4
5.Nb1c3 e5
6.Nd4f3 Qd8xd1
7.Kxd1 Nb8c6
8.e4 Bc8g4
9.Bf1xc4 O-O-O
10.Ke1 Nc6d4
11.Nf3xd4 exd4
12.Nc3d5 Ng8e7
13.Nd5xe7 Bf8xe7
14.Bc1d2 Bg4e6
15.Bc4d3 Kb8
16.f4 Rd8c8
17.b3 Be6d7
18.f5 Be7a3
19.Ke2 Rc8c7
20.Bd2f4 Rh8c8
21.Rh1d1 Ba3b2
22.Ra1b1 Bb2c3
23.g4 f6
24.h4 Bd7e8
25.Bd3c4 g5
26.Bf4xc7 Rc8xc7
27.hxg5 fxg5
28.Rd1h1 Be8c6
29.Kd3 Rc7e7
30.Bc4d5 Bc6b5
31.Bd5c4 Bb5c6
32.Bc4d5 Bc6b5
33.Kc2 Bb5e2
34.Rh1h5 Be2xg4
35.Rh5xg5 Bg4f3
36.Rb1f1 Bf3xe4
37.Bd5xe4 Re7xe4
38.f6 Re4e8
39.f7 Re8f8
40.Rg5g8 Bc3b4
41.Rf1e1 Kc7
42.Rg8xf8 { resign }
1-0

[Event "Match"]
[Site "www.echecsemail.com"]
[Date "2018.03.18"]
[Round "1"]
[White "Apdash"]
[Black "Guidom"]
[WhiteElo "2220"]
[BlackElo "2080"]
[Result "1-0"]
[Round "1"]
1.d4 d5
2.Ng1f3 c6
3.e3 Ng8f6
4.c4 e6
5.Nb1c3 Bf8b4
6.a3 Bb4xc3
7.bxc3 Nb8d7
8.Qd1c2 h6
9.Bc1b2 Nf6e4
10.cxd5 exd5
11.Bf1d3 Nd7f6
12.O-O Bc8g4
13.Nf3e5 Bg4h5
14.f3 Ne4d6
15.g4 Bh5xg4
16.fxg4 O-O
17.Rf1f2 Nf6e4
18.Rf2g2 Qd8g5
19.Ra1e1 Rf8e8
20.a4 Re8e6
21.Bb2a3 Ra8e8
22.c4 f6
23.cxd5 cxd5
24.Ne5f3 Qg5g6
25.Qc2b3 Kh8
26.Qb3xd5 Nd6f7
27.Nf3d2 Nf7g5
28.h4 Ng5h3
29.Kh2 Nh3g5
30.hxg5 fxg5
31.Nd2xe4 Re6xe4
32.Bd3xe4 Re8xe4
33.Qd5f5 Qg6c6
34.d5 Qc6xa4
35.Ba3c5 Re4e8
36.Bc5d4 Qa4b4
37.Re1c1 Qb4d6
38.Kh3 Re8f8
39.Qf5e5 Qd6g6
40.Rc1c7 Rf8g8
41.Rc7xb7 h5
42.Rb7xg7 Rg8xg7
43.Qe5xg7 Qg6xg7
44.Bd4xg7 { resign }
1-0

[Event "1/64 Finale"]
[Site "www.chess-mail.com"]
[Date "2018.03.18"]
[Round "1"]
[White "Maj16"]
[Black "Cereus"]
[WhiteElo "1659"]
[BlackElo "2209"]
[Result "0-1"]
[Round "1"]
1.d4 Ng8f6
2.Ng1f3 g6
3.g3 Bf8g7
4.Bf1g2 d5
5.O-O O-O
6.c4 c6
7.cxd5 cxd5
8.Nf3e5 e6
9.Nb1c3 Nf6d7
10.Ne5xd7 Bc8xd7
11.Bc1f4 Qd8b6
{ resign }
0-1

[Event "Fast Game"]
[Site "www.echecsemail.com"]
[Date "2018.03.18"]
[Round "1"]
[White "Coolant"]
[Black "Sefj"]
[WhiteElo "1359"]
[BlackElo "1599"]
[Result "1-0"]
[Round "1"]
1.e4 e5
2.Nb1c3 Ng8f6
3.Ng1f3 Nb8c6
4.d4 exd4
5.Nf3xd4 Bf8c5
6.Bc1e3 Bc5b4
7.Bf1d3 O-O
8.O-O d6
9.Nc3d5 Nf6xd5
10.exd5 Nc6xd4
11.Be3xd4 Bb4c5
12.Bd4xc5 dxc5
13.Rf1e1 g6
14.c4 Qd8d6
15.Qd1f3 h5
16.h3 Bc8d7
17.Re1e2 c6
18.dxc6 Bd7xc6
19.Bd3e4 Bc6xe4
20.Qf3xe4 Ra8e8
21.Qe4xe8 Rf8xe8
22.Re2xe8 Kg7
23.Ra1e1 Kf6
24.b3 Qd6d2
25.a4 Qd2b2
26.Re1e3 g5
27.Re3f3 Kg6
28.Re8g8 Kh7
29.Rg8b8 Qb2b1
30.Kh2 g4
31.Rf3xf7 Kg6
32.Rb8xb7 gxh3
33.gxh3 Qb1f1
34.Rb7xa7  { time }
1-0

[Event "Fast Game"]
[Site "www.echecsemail.com"]
[Date "2018.03.18"]
[Round "1"]
[White "Stevep84"]
[Black "Fegatux"]
[WhiteElo "1990"]
[BlackElo "1849"]
[Result "0-1"]
[Round "1"]
1.e4 g6
2.d4 Bf8g7
3.Ng1f3 d6
4.c3 Nb8d7
5.Bc1e3 Ng8f6
6.Nb1d2 O-O
7.Bf1c4 Nd7b6
8.Bc4b3 c6
9.Qd1e2 e6
10.O-O-O a5
11.h4 h5
12.Be3g5 Qd8c7
13.Rd1g1 c5
14.Bg5xf6 Bg7xf6
15.e5 Bf6g7
16.Kb1 cxd4
17.cxd4 a4
18.Bb3c2 Nb6d5
19.g4 a3
20.gxh5 axb2
21.Kxb2 Ra8xa2
22.Kxa2 Qc7xc2
23.Ka1 Bc8d7
24.Qe2c4 Rf8a8
{ resign }
0-1

[Event "Tourn. n9705"]
[Site "www.chess-mail.com"]
[Date "2018.03.19"]
[Round "1"]
[White "Danquigley"]
[Black "Sociopath"]
[WhiteElo "2560"]
[BlackElo "2209"]
[Result "1/2-1/2"]
[Round "1"]
1.c4 Ng8f6
2.g3 g6
3.Bf1g2 Bf8g7
4.Nb1c3 d6
5.d3 e5
6.e4 Nb8c6
7.Ng1e2 O-O
8.O-O a5
9.f4 Nc6d4
10.Ne2xd4 exd4
11.Nc3b5 c6
12.Nb5a3 Rf8e8
13.Na3c2 a4
14.h3 Nf6d7
15.g4 Nd7c5
16.f5 Qd8e7
17.Nc2e1 Bc8d7
18.Bc1f4 Ra8c8
19.Qd1d2 d5
20.fxg6 hxg6
21.exd5 cxd5
22.Bg2xd5 Bd7e6
23.Bd5f3 Be6d7
24.Ne1c2 b5
25.Nc2a3 Nc5e6
26.Na3xb5 Ne6xf4
27.Qd2xf4 Bg7e5
28.Qf4d2 Qe7h4
29.Bf3d5 Qh4xh3
30.Rf1xf7 Bd7e6
31.Rf7f3 Qh3xg4
32.Qd2g2 Qg4xg2
33.Kxg2 Be6xd5
34.cxd5 Rc8c5
35.Nb5a3 Be5b8
36.Rf3f6 Rc5xd5
37.Rf6xg6 Kf7
38.Rg6g4 Re8e2
39.Kf3 Re2e3
40.Kg2 Rd5f5
41.Na3c4 Re3e2
42.Kh1 Rf5f2
43.Rg4h4 Rf2f3
44.Ra1d1 Rf3f2
45.b3 Re2xa2
46.bxa4 Ra2xa4
47.Rh4xd4 Rf2h2
48.Kg1 Ra4a2
49.Rd4g4 Rh2h3
50.Rd1d2 { draw }
1/2-1/2

[Event "Tourn. n9709"]
[Site "www.chess-mail.com"]
[Date "2018.03.19"]
[Round "1"]
[White "Julian"]
[Black "Silent1"]
[WhiteElo "1800"]
[BlackElo "1960"]
[Result "0-1"]
[Round "1"]
1.e4 e5
2.Ng1f3 d6
3.d4 exd4
4.Nf3xd4 Bf8e7
5.c4 Ng8f6
6.Nb1c3 O-O
7.Bf1e2 Bc8d7
8.O-O Qd8c8
9.f3 Nb8c6
10.Bc1e3 Nc6xd4
11.Be3xd4 a6
12.Nc3d5 Rf8e8
13.Nd5xf6 Be7xf6
14.Bd4xf6 gxf6
15.Qd1d2 Kg7
16.Ra1d1 Re8e5
17.Qd2f4 Re5a5
18.a3 Ra5e5
19.h4 Qc8d8
20.g4 h6
21.b4 Qd8e7
22.c5 dxc5
23.Rd1d5 Re5xd5
24.exd5 cxb4
25.Be2d3 Ra8e8
26.g5 Qe7e3
27.Qf4xe3 Re8xe3
28.gxf6 Kxf6
29.Bd3e4 bxa3
30.Rf1b1 a2
31.Rb1a1 Re3a3
32.Kf2 b5
33.Ke2 b4
34.Be4c2 a5
35.f4 a4
36.Kd2 b3
{ resign }
0-1

[Event "Tourn. n9767"]
[Site "www.chess-mail.com"]
[Date "2018.03.19"]
[Round "1"]
[White "Attatroll"]
[Black "Reda"]
[WhiteElo "2010"]
[BlackElo "1960"]
[Result "1-0"]
[Round "1"]
1.e4 e5
2.d4 exd4
3.c3 dxc3
4.Nb1xc3 Bf8c5
5.Ng1f3 Ng8f6
6.Bf1d3 Nf6g4
7.O-O O-O
8.Qd1c2 Qd8f6
9.Bc1g5 Qf6b6
10.Nc3a4 Qb6b4
11.Na4xc5 h6
12.Bg5d2 d6
13.Bd2xb4 dxc5
14.Bb4xc5 Rf8e8
15.Rf1e1 Nb8c6
16.Ra1d1 b6
17.Bc5a3 { resign }
1-0

[Event "Tourn. n9723"]
[Site "www.chess-mail.com"]
[Date "2018.03.19"]
[Round "1"]
[White "Esperanza"]
[Black "Add"]
[WhiteElo "2040"]
[BlackElo "2100"]
[Result "0-1"]
[Round "1"]
1.d4 d5
2.c4 dxc4
3.Ng1f3 e6
4.e3 Ng8f6
5.Bf1xc4 a6
6.O-O b5
7.Bc4d3 Bc8b7
8.a4 c6
9.e4 Nb8d7
10.e5 Nf6d5
11.Nb1c3 Nd5xc3
12.bxc3 h6
13.Qd1e2 Nd7b6
14.axb5 cxb5
15.Bd3xb5 Nb6d7
16.Bb5xa6 Qd8b6
17.Ba6xb7 Ra8xa1
18.Bb7e4 Bf8e7
19.Be4c2 O-O
20.Qe2e4 f5
21.exf6 Nd7xf6
22.Qe4d3 Be7d6
23.h3 Qb6c7
24.Bc2b3 Rf8e8
25.c4 Bd6f4
26.Bc1xf4 Ra1xf1
27.Kxf1 Qc7xf4
28.g3 Qf4c7
29.Nf3e5 Re8a8
30.Bb3c2 Ra8a1
31.Kg2 Qc7b7
32.f3 Ra1a2
33.Ne5g4 Nf6e4
34.Ng4e3 Ne4f6
35.Ne3g4 Nf6xg4
{ resign }
0-1

[Event "Tourn. n9585"]
[Site "www.chess-mail.com"]
[Date "2018.03.19"]
[Round "1"]
[White "Begory"]
[Black "Yakke"]
[WhiteElo "1610"]
[BlackElo "1790"]
[Result "0-1"]
[Round "1"]
1.d4 d5
2.Bc1f4 Nb8c6
3.Nb1c3 a6
4.e3 e6
5.Bf1d3 Ng8f6
6.Ng1f3 h6
7.O-O Bf8b4
8.Qd1e1 O-O
9.a3 Bb4xc3
10.Qe1xc3 e5
11.dxe5 Nf6e4
12.Bd3xe4 dxe4
13.Nf3d2 Rf8e8
14.Nd2xe4 Nc6e7
15.Rf1d1 Ne7d5
16.Qc3d3 b6
17.Qd3xd5 Qd8xd5
18.Rd1xd5 Bc8f5
19.Ne4g3 Bf5xc2
20.Ra1c1 Bc2b3
21.Rc1xc7 Bb3xd5
22.h3 b5
23.e4 Bd5b3
24.Ng3f5 Re8d8
25.Nf5d6 Ra8b8
26.Nd6xf7 Bb3xf7
27.Rc7c6 a5
28.e6 Bf7g6
29.Bf4xb8 Rd8xb8
30.e7 Bg6xe4
31.Rc6e6 Be4g6
32.Re6xg6 Kf7
33.Rg6a6 a4
34.Ra6a7 Rb8c8
35.Ra7b7 Rc8c5
36.e8Q Kxe8
37.Rb7xg7 Rc5c1
38.Kh2 Rc1c2
39.f3 Rc2xb2
40.Rg7g6 b4
41.axb4 a3
42.Rg6xh6 a2
43.Rh6a6 Kd7
44.b5 Kc7
45.h4 Kd7
46.h5 Ke8
47.h6 Rb2xb5
48.Ra6xa2 Rb5h5
49.Kg1 Rh5xh6
50.g4 Rh6f6
51.Kg2 Kf7
52.Kg3 Kg6
53.f4 Rf6d6
54.Ra2a3 Rd6d4
55.Ra3a5 Rd4d3
56.Kh4 Rd3d4
57.f5 Kh6
58.Ra5a6 Kg7
59.Kh5 Rd4f4
60.Kg5 Rf4e4
61.f6 Kf8
62.Kf5 Re4e8
63.g5 Kg8
64.g6 Kh8
65.f7 Re8d8
66.Ke6 Kg7
67.f8Q Kxf8
68.Ra6a7 Rd8e8
69.Kf6 Re8c8
70.Ra7h7 Rc8c6
71.Kg5 Rc6c3
72.g7 Kg8
73.Rh7h2 Rc3g3
74.Kf6 Rg3xg7
 { time }
0-1

[Event "Tourn. n9707"]
[Site "www.chess-mail.com"]
[Date "2018.03.19"]
[Round "1"]
[White "Coolant"]
[Black "Tobernor"]
[WhiteElo "2300"]
[BlackElo "2250"]
[Result "0-1"]
[Round "1"]
1.Ng1f3 Ng8f6
2.g3 d5
3.Bf1g2 c6
4.d4 Bc8f5
5.O-O e6
6.Nb1d2 h6
7.c4 Nb8d7
8.Rf1e1 Bf8e7
9.Nf3h4 Bf5h7
10.e4 dxe4
11.Nd2xe4 Nf6xe4
12.Bg2xe4 Bh7xe4
13.Re1xe4 O-O
14.Nh4g2 c5
15.Qd1b3 Nd7f6
16.Re4e1 cxd4
17.Qb3xb7 Rf8e8
18.b3 Ra8b8
19.Qb7xa7 Be7b4
20.Re1d1 Bb4c3
21.Bc1d2 Bc3xa1
22.Rd1xa1 Nf6e4
23.Bd2a5 Qd8f6
24.f4 Rb8a8
25.Qa7c7 d3
{ resign }
0-1

[Event "Tourn. n9669"]
[Site "www.chess-mail.com"]
[Date "2018.03.19"]
[Round "1"]
[White "Orhany24"]
[Black "Sahlapalat"]
[WhiteElo "2110"]
[BlackElo "2060"]
[Result "1-0"]
[Round "1"]
1.e4 c5
2.Ng1f3 d6
3.d4 cxd4
4.Nf3xd4 Ng8f6
5.Bf1d3 g6
6.O-O Bf8g7
7.c4 O-O
8.Nb1c3 a6
9.h3 Nb8c6
10.Nd4xc6 bxc6
11.Bc1e3 Bc8e6
12.f4 Ra8b8
13.Ra1b1 Qd8c7
14.g4 Be6d7
15.Kg2 Rf8d8
16.Qd1f3 Bd7e8
17.Nc3a4 c5
18.Na4c3 e6
19.Rf1h1 Be8c6
20.h4 h5
21.gxh5 Nf6xh5
22.Kf2 Qc7a5
23.Be3d2 Qa5c7
24.b3 Qc7e7
25.Rb1g1 Qe7f6
26.Nc3e2 Kh8
27.Rg1g5 Bg7h6
28.Rg5g4 Qf6b2
29.Bd2c3 { resign }
1-0

[Event "Match"]
[Site "www.echecsemail.com"]
[Date "2018.03.19"]
[Round "1"]
[White "Gidi5"]
[Black "Fegatux"]
[WhiteElo "2270"]
[BlackElo "2330"]
[Result "1-0"]
[Round "1"]
1.e4 d6
2.d4 Ng8f6
3.Nb1c3 c6
4.h3 e6
5.Ng1f3 Nb8d7
6.Bf1d3 b5
7.e5 dxe5
8.dxe5 Nf6d5
9.Nc3xd5 cxd5
10.O-O a6
11.Rf1e1 h6
12.c3 Bf8c5
13.Nf3d4 Nd7b6
14.Qd1g4 Bc5f8
15.f4 h5
16.Qg4g3 Kd7
17.f5 Kc7
18.Bc1g5 Qd8e8
19.b3 Bf8c5
20.Bg5e3 Kb8
21.Nd4xb5 Bc5xe3
22.Qg3xe3 Qe8c6
23.Nb5d6 Ra8a7
24.Ra1c1 f6
25.Nd6xc8 Rh8xc8
26.exf6 gxf6
27.fxe6 Rc8e8
28.Bd3g6 Re8e7
29.Qe3f4 Ra7c7
30.Qf4xf6 Nb6c8
31.Bg6xh5 Qc6c5
32.Qf6d4 { resign }
1-0

[Event "Match"]
[Site "www.echecsemail.com"]
[Date "2018.03.19"]
[Round "1"]
[White "Fegatux"]
[Black "Apdash"]
[WhiteElo "2099"]
[BlackElo "2180"]
[Result "1-0"]
[Round "1"]
1.d4 Ng8f6
2.c4 d6
3.Nb1c3 g6
4.e4 Bf8g7
5.Bf1d3 O-O
6.Ng1e2 e5
7.d5 c6
8.Ra1b1 cxd5
9.cxd5 Nf6e8
10.O-O f5
11.Bc1d2 f4
12.f3 Nb8d7
13.Bd2e1 Nd7c5
14.Bd3b5 a6
15.Bb5xe8 Rf8xe8
16.b4 Nc5d7
17.Qd1a4 Qd8g5
18.Kh1 Re8f8
19.Be1f2 Nd7b6
20.Bf2xb6 Qg5e7
21.Qa4b3 Bc8d7
22.a4 g5
23.a5 Ra8c8
24.Bb6f2 h5
25.b5 g4
26.bxa6 bxa6
27.Qb3b6 gxf3
28.gxf3 Kh7
29.Qb6xa6 Rc8c7
30.Qa6b6 Rf8c8
31.Nc3b5 Bd7xb5
32.Qb6xb5 Rc7c2
33.a6 Rc2a2
34.Rb1b2 Ra2xb2
35.Qb5xb2 Bg7f6
36.a7 Bf6h4
37.Bf2xh4 Qe7xh4
38.Qb2b7 { resign }
1-0

[Event "Fast Game"]
[Site "www.echecsemail.com"]
[Date "2018.03.19"]
[Round "1"]
[White "Picifarkinca"]
[Black "Fegatux"]
[WhiteElo "1790"]
[BlackElo "1599"]
[Result "1/2-1/2"]
[Round "1"]
1.d4 d6
2.c4 e5
3.dxe5 dxe5
4.Qd1xd8 Kxd8
5.Nb1c3 c6
6.e4 Bc8e6
7.b3 Nb8a6
8.Bc1b2 f6
9.O-O-O Kc7
10.f3 Bf8c5
11.Ng1e2 Ng8e7
12.Kb1 Ra8d8
13.Ne2c1 Rd8xd1
14.Nc3xd1 Rh8d8
15.Bf1e2 Ne7g6
16.Nc1d3 b6
17.g3 Bc5d4
18.Nd1c3 Na6b8
19.Rh1d1 a5
20.Nc3a4 Nb8a6
21.Bb2xd4 Rd8xd4
22.Nd3b2 c5
23.Nb2d3 Na6b4
24.Na4c3 Kb7
25.Nc3b5 Rd4d7
26.Nd3xb4 axb4
27.Kc2 Rd7xd1
28.Kxd1 Kc6
29.Nb5a7 Kd7
30.Na7b5 Ng6e7
31.Kc2 Ne7c6
32.Kb2 Nc6d4
33.Nb5xd4 exd4
34.Be2d3 h6
35.a3 Kd6
36.axb4 cxb4
37.Kc2 g5
38.Kd2 Ke5
39.Ke2 h5
40.h4 gxh4
41.f4 Kd6
42.f5 Be6f7
43.gxh4 Ke5
44.Kf3 Bf7e8
45.Kg3 Be8d7
46.Kf3 { draw }
1/2-1/2

[Event "Tourn. n9733"]
[Site "www.chess-mail.com"]
[Date "2018.03.20"]
[Round "1"]
[White "Awfen"]
[Black "Julian"]
[WhiteElo "2090"]
[BlackElo "1810"]
[Result "1-0"]
[Round "1"]
1.e4 d6
2.Ng1f3 Ng8f6
3.Nb1c3 e5
4.Bf1c4 Bc8e6
5.Nc3d5 c6
6.Nd5xf6 Qd8xf6
7.Bc4e2 Nb8d7
8.O-O Bf8e7
9.d3 O-O
10.Bc1g5 Qf6g6
11.Bg5xe7 Rf8e8
12.Be7h4 Be6h3
13.Bh4g3 Bh3g4
14.Nf3h4 Bg4xe2
15.Qd1xe2 Re8e6
16.Nh4xg6 fxg6
17.Qe2g4 Ra8e8
18.f4 exf4
19.Rf1xf4 Nd7e5
20.Qg4e2 d5
21.Ra1f1 dxe4
22.Rf4xe4 { resign }
1-0

[Event "Tourn. n9675"]
[Site "www.chess-mail.com"]
[Date "2018.03.20"]
[Round "1"]
[White "Falcoale"]
[Black "Sahlapalat"]
[WhiteElo "1940"]
[BlackElo "2080"]
[Result "0-1"]
[Round "1"]
1.e4 c5
2.Ng1f3 d6
3.b3 Nb8c6
4.Bc1b2 Ng8f6
5.Nb1c3 e6
6.Bf1c4 Bf8e7
7.O-O a6
8.d4 b5
9.Bc4e2 cxd4
10.Nf3xd4 Bc8b7
11.Nd4xc6 Bb7xc6
12.f3 O-O
13.Be2d3 Qd8c7
14.Nc3e2 e5
15.f4 Nf6g4
16.Qd1d2 Qc7b6
17.Kh1 Ng4f2
18.Rf1xf2 Qb6xf2
19.Qd2e1 Qf2xe1
20.Ra1xe1 f6
21.f5 d5
22.exd5 Bc6xd5
23.Ne2c3 Bd5b7
24.Nc3e4 Rf8d8
25.Ne4g3 Ra8c8
26.Ng3e4 Be7b4
27.Re1f1 Kf7
28.a3 Bb4e7
29.b4 Be7d6
30.Ne4xd6 Rd8xd6
31.h3 e4
32.Bd3e2 Rc8xc2
33.Be2xb5 Rc2xb2
34.Bb5c4 Kf8
35.Rf1e1 Rd6d2
{ resign }
0-1

[Event "Tourn. n9659"]
[Site "www.chess-mail.com"]
[Date "2018.03.20"]
[Round "1"]
[White "Andychesston"]
[Black "Malbertan"]
[WhiteElo "1990"]
[BlackElo "1960"]
[Result "1-0"]
[Round "1"]
1.e4 e5
2.Ng1f3 Nb8c6
3.d4 exd4
4.Nf3xd4 Bf8c5
5.Bc1e3 Qd8f6
6.c3 Ng8e7
7.b4 Bc5xd4
8.Be3xd4 Nc6xd4
9.Qd1xd4 Qf6xd4
10.cxd4 Ne7c6
11.Nb1c3 Nc6xd4
12.O-O-O Nd4c6
13.a3 d6
14.Nc3d5 Kd8
15.Bf1e2 a5
16.b5 Nc6e5
17.f4 Ne5g4
18.Be2xg4 Bc8xg4
19.Rd1d2 Bg4e6
20.f5 Be6xd5
21.Rd2xd5 Kd7
22.Rh1d1 f6
23.b6 Rh8d8
24.bxc7 Kxc7
25.Rd1d2 b6
26.Rd5b5 Ra8c8
27.Rd2b2 Rc8b8
28.a4 Rd8e8
29.Rb2e2 Re8e5
30.Re2c2 Re5c5
31.g4 Rb8c8
32.Rc2xc5 dxc5
33.Kd2 Rc8d8
34.Ke3 Rd8d4
35.Kf4 Rd4xa4
36.Rb5b2 Ra4b4
37.Rb2g2 a4
38.g5 a3
39.Rg2a2 fxg5
40.Ke5 Rb4a4
41.Kd5 Ra4d4
42.Ke5 Rd4d3
43.Ke6 b5
44.e5 Rd3f3
45.Ra2d2 b4
46.Rd2d7 Kc8
47.Rd7a7 b3
48.Ra7xa3 b2
49.Ra3xf3 b1Q
50.f6 gxf6
51.Rf3xf6 Qb1b3
52.Ke7 c4
53.Rf6c6 Kb7
54.Rc6h6 Qb3b4
55.Kf7 Qb4c5
56.e6 Qc5c7
57.e7 c3
58.Kf8 Qc7f4
59.Kg8 Qf4c4
60.Kf8 Qc4c8
61.e8Q Qc8xe8
62.Kxe8 c2
63.Rh6xh7 Kc6
64.Kd8 { resign }
1-0

[Event "Tourn. n9699"]
[Site "www.chess-mail.com"]
[Date "2018.03.20"]
[Round "1"]
[White "Azulmarino"]
[Black "Cal"]
[WhiteElo "1530"]
[BlackElo "1570"]
[Result "0-1"]
[Round "1"]
1.e4 e5
2.Ng1f3 d6
3.d3 h6
4.Nb1c3 a6
5.Bc1e3 Ng8f6
6.d4 Bc8g4
7.Bf1e2 Bg4xf3
8.Be2xf3 Bf8e7
9.h3 exd4
10.Be3xd4 c5
11.Bd4e3 Nb8c6
12.Nc3d5 O-O
13.h4 Nc6e5
14.h5 Nf6xd5
15.exd5 Ne5c4
16.Be3c1 Nc4e5
17.Bf3e4 b5
18.Bc1e3 f5
19.Be4d3 c4
20.Bd3e2 f4
21.Be3d4 Ne5f7
22.Be2g4 Be7g5
23.Bg4f3 a5
24.O-O Bg5h4
25.g3 fxg3
26.Qd1d2 Nf7g5
27.fxg3 Bh4xg3
28.Qd2c3 Ng5h3
29.Kg2 Qd8h4
30.Rf1h1 Ra8e8
31.Bd4xg7 Re8e2
32.Bf3xe2 Rf8f2
{ resign }
0-1

[Event "Tourn. n9714"]
[Site "www.chess-mail.com"]
[Date "2018.03.20"]
[Round "1"]
[White "Piekki"]
[Black "Coolant"]
[WhiteElo "2170"]
[BlackElo "2280"]
[Result "0-1"]
[Round "1"]
1.e4 Nb8c6
2.d4 d5
3.Nb1c3 a6
4.Bc1e3 dxe4
5.Bf1c4 Bc8f5
6.f3 exf3
7.Ng1xf3 Ng8f6
8.O-O e6
9.Qd1e2 Bf8e7
10.Ra1d1 O-O
11.d5 Nf6xd5
12.Nc3xd5 exd5
13.Rd1xd5 Qd8c8
14.Rd5xf5 Qc8xf5
15.Nf3g5 Qf5e5
16.Ng5xf7 Rf8xf7
17.Rf1xf7 Kh8
18.Bc4d3 Be7d6
19.Be3f4 Qe5xe2
20.Bd3xe2 Bd6xf4
21.Rf7xf4 Nc6e5
22.Kf2 Ra8e8
23.Rf4e4 Kg8
24.Re4f4 Re8f8
25.Ke3 Rf8xf4
26.Kxf4 Ne5d7
27.Be2d3 Nd7f6
28.a4 a5
29.g4 Kf7
30.h4 h6
31.g5 hxg5
32.hxg5 Nf6d5
33.Ke5 Nd5e3
34.b3 Ke7
35.c3 Ne3d1
36.Kd4 Kd6
37.g6 Nd1f2
38.Bd3c4 Nf2g4
39.Bc4d5 b6
40.b4 c5
{ resign }
0-1

[Event "Match"]
[Site "www.echecsemail.com"]
[Date "2018.03.20"]
[Round "1"]
[White "Calponas"]
[Black "Jovaras"]
[WhiteElo "2120"]
[BlackElo "2059"]
[Result "1/2-1/2"]
[Round "1"]
1.e4 c5
2.Ng1f3 d6
3.d4 cxd4
4.Nf3xd4 Ng8f6
5.Nb1c3 a6
6.Bc1e3 e5
7.Nd4b3 Bc8e6
8.Bf1e2 Bf8e7
9.Qd1d2 Nb8d7
10.O-O O-O
11.a4 Ra8c8
12.a5 Nd7c5
13.Nb3xc5 dxc5
14.Rf1d1 Qd8c7
15.f3 Rf8d8
16.Qd2e1 h6
17.Qe1f2 Rd8xd1
18.Nc3xd1 Qc7c6
19.c4 Rc8d8
20.Nd1c3 Nf6d7
21.b3 f6
22.Nc3d5 Be7f8
23.g3 Be6xd5
24.cxd5 Qc6c7
25.Be2c4 Bf8d6
26.Kg2 Bd6f8
{ draw }
1/2-1/2

[Event "Match"]
[Site "www.echecsemail.com"]
[Date "2018.03.20"]
[Round "1"]
[White "Cal"]
[Black "Fegatux"]
[WhiteElo "1530"]
[BlackElo "1499"]
[Result "0-1"]
[Round "1"]
1.c4 e5
2.e4 d6
3.d3 f5
4.exf5 Bc8xf5
5.Ng1f3 Ng8f6
6.Nb1c3 Bf8e7
7.Bf1e2 O-O
8.h3 c6
9.a4 a5
10.O-O Qd8e8
11.b3 Nb8a6
12.Bc1g5 h6
13.Bg5h4 g5
14.Bh4g3 Bf5g6
15.Nf3d2 Na6b4
16.f3 Nb4xd3
17.Be2xd3 Bg6xd3
18.Rf1f2 Qe8g6
19.Ra1a2 Bd3f5
20.Nc3e2 Nf6h5
21.Nd2f1 Nh5xg3
22.Ne2xg3 Bf5e6
23.Ng3e4 Ra8d8
24.g4 d5
25.cxd5 cxd5
26.Ne4c3 Be7c5
27.Nc3b5 h5
28.Nf1g3 hxg4
29.fxg4 Rf8xf2
30.Kh1 Rf2xa2
31.Nb5c7 Be6xg4
32.Nc7xd5 Bg4xd1
33.Nd5e7 Bc5xe7
34.Ng3f1 Qg6e4
{ resign }
0-1